Music Quiz

Random Music or Song Quiz

Rolling Stone's Top 100 Pop Songs Quiz Stats

 Plays Quiz Updated Dec 17, 2018

Support Sporcle.
Go Orange.
Score 0/100 Timer 15:00
4 Plays Today
Rank Song % Correct
3.Smells Like Teen Spirit
80.6%
4.Like a Virgin
77.7%
7.Respect
73.8%
11.Hotel California
71.4%
5.Billie Jean
70.5%
15.Imagine
70.4%
2.(I Can't Get No) Satisfaction
62.7%
22.Beat It
58.7%
44.Dancing Queen
55.2%
40.I Will Always Love You
53.4%
13.Sweet Child O' Mine
53.3%
47.Jump
52.7%
36.Waterfalls
52.6%
29.Bohemian Rhapsody
51.7%
18.Losing My Religion
51.3%
16.Nothing Compares 2 U
48.2%
21.Brown Eyed Girl
47.1%
39.Iris
46.8%
84.Wonderwall
46.6%
25....Baby One More Time
46.2%
28.MMMBop
45.7%
35.Born To Run
45%
6.I Want To Hold Your Hand
43.8%
19.Vogue
43.7%
31.Smooth
42.9%
1.Yesterday
42.5%
56.I Will Survive
41.2%
42.Every Breath You Take
40.5%
17.Superstition
39.6%
54.Under the Bridge
38.8%
20.Like a Rolling Stone
38.8%
10.I Want It That Way
38.8%
32.(Sittin' On) The Dock of the Bay
38.4%
23.Oh, Pretty Woman
37.6%
Rank Song % Correct
76.Creep
37.5%
53.Faith
37.4%
34.Ironic
36.6%
45.Tears in Heaven
36.5%
48.Jeremy
36%
97.Love Shack
35.1%
8.With Or Without You
34.3%
81.Don't Speak
34.2%
27.When Doves Cry
33.6%
72.Free Fallin'
33.5%
100.Tainted Love
33.3%
9.I Want You Back
33.2%
55.Bye Bye Bye
32.3%
93.Stayin' Alive
31%
33.My Generation
30.4%
30.Your Song
29%
70.Good Vibrations
28.5%
50.Little Red Corvette
28.1%
24.What's Going On
25.7%
37.O.P.P.
24.6%
14.Brown Sugar
24.6%
73.Do You Really Want To Hurt Me?
24.5%
41.Proud Mary
23.8%
86.Don't You Want Me
23.3%
74.Tiny Dancer
23.3%
67.My Name Is
22.9%
66.Time After Time
22.6%
90.The Boy Is Mine
22.1%
94.All The Small Things
21.9%
58.One Headlight
21.7%
26.Go Your Own Way
20.5%
77.Let's Stay Together
20%
98.She Drives Me Crazy
19.2%
89.Careless Whisper
19%
Rank Song % Correct
38.Changes
18.8%
92.You Shook Me All Night Long
18%
83.I Want To Know What Love Is
17.7%
71.I Wanna Be Sedated
16.6%
91.No Diggity
16.5%
99.Just A Friend
16.3%
62.Papa Don't Preach
15.3%
87.Brass In Pocket
15.1%
85.Surrender
13.5%
64.Bennie and the Jets
12.7%
57.Our Lips Are Sealed
12.4%
79.Nasty
12.4%
82.Rock With You
11.5%
52.Maybe I'm Amazed
11.1%
96.Photograph
10.8%
78.Longview
10%
43.Miss You
9.8%
49.Tangled Up In Blue
8.7%
65.Just What I Needed
7.9%
69.Just Can't Get Enough
7.8%
12.Where Did Our Love Go
7.7%
60.Just The Way You Are
6.9%
61.The One I Love
6.8%
46.The Tracks of My Tears
6.8%
88.Gone Till November
6.4%
59.You Are The Sunshine of My Life
5.9%
63.In My Life
5.6%
51.Just My Imagination
5.4%
68.Only Happy When It Rains
5.4%
95.Good Times
5%
80.I Need Love
4.8%
75.Hot Fun In The Summertime
2.4%

From the Vault

Official UK Cities on a Map

by bazmerelda

Geography 10m
Odds are you've heard of at least one of these cities.
Remove Ads.
Support Sporcle.
Get the best of Sporcle when you Go Orange. This ad-free experience offers more features, more stats, and more fun while also helping to support Sporcle. Thank you for becoming a member.

Show Comments

Extras

Top Quizzes Today


Score Distribution

Your Account Isn't Verified!

In order to create a playlist on Sporcle, you need to verify the email address you used during registration. Go to your Sporcle Settings to finish the process.

Report this User

Report this user for behavior that violates our Community Guidelines.

Details: